01297nam a2200301 a 4500001001000000005001700010008004100027041000800068044000700076050002000083100003400103245021300137260002300350300006000373500001800433500004700451500000700498500005100505500003000556500010500586500005300691500005000744506009200794650002700886650001800913650002600931650003800957BRCA_831520190320210226.0240614s1735----gw-ab##f##---#001-0#lat-# alat agw 4aG1070b.S3 17351 aSeutteri, Matthaeid1678-175610aAtlas minor praecipua orbis terrarum imperia regna et provincias germaniae potissimum tabellis 66 exacte delineatis fiftens usui militiae ductum ae peregrinantium maxime accommodatus operacMatthaei Seutteri. a[Alemania]c[173?] a1 v. (sin paginación)bil., 68 mapas a color,c22 cm. aFondo antiguo aSe encuentra en Caja Fuerte, 16-marzo-2016 aR5 aCon Ex-libris de: Franz Mayer y A. Bandini BVT aIncluye índice de mapas aEn portada: Atlas Novus de LXVI mapp: a Matth: Seutter ; s.c.m. George ; augvind. Ilustrada a color aMapa no. 14 se encuentra encuadernado al revés aNota de encuadernación: piel sobre cartón0 aFondo reservado: para su consulta es necesario credencial de usuario y carta de motivos14aDescripción y viajes14aCartografía14aGeografía universal14aAtlasvTrabajos anteriores a 1800